Outsourcing v strategickom riadení podniku

Outsourcing je súčasťou strategického riadenia podniku. Predstavuje nástroj na optimalizáciu spotreby podnikových zdrojov, čo je nevyhnutné pri orientácii na základné strategické ciele podniku. Príspevok sa venuje základným oblastiam využitia outsourcingu v praxi a jeho významu v strategickom riaden...

Ausführliche Beschreibung

Gespeichert in:
Bibliographische Detailangaben
1. Verfasser: Kicová, Eva
Format: Buchkapitel
Sprache:Slowakisch
Schlagworte:
Tags: Tag hinzufügen
Keine Tags, Fügen Sie das erste Tag hinzu!

MARC

LEADER 00000nla a2200000 4500
001 0178945
005 20221020085042.4
041 0 |a slo 
044 |a CZ 
245 1 0 |a Outsourcing v strategickom riadení podniku  |c Eva Kicová 
520 |a Outsourcing je súčasťou strategického riadenia podniku. Predstavuje nástroj na optimalizáciu spotreby podnikových zdrojov, čo je nevyhnutné pri orientácii na základné strategické ciele podniku. Príspevok sa venuje základným oblastiam využitia outsourcingu v praxi a jeho významu v strategickom riadení podniku. 
610 2 0 |a podnik 
610 2 0 |a riadenie strategické 
610 2 0 |a outsourcing 
100 1 |a Kicová, Eva